| 000 | 00629nam a2200253 a 4500 | ||
|---|---|---|---|
| 999 |
_c6093 _d6093 |
||
| 001 | 6093 | ||
| 003 | BD-JhCC | ||
| 005 | 20180102102435.0 | ||
| 008 | 180101s19892000b |||| || | 00| 0 eng d | ||
| 035 | _a(BD-JhCC)6093 | ||
| 040 |
_aBD-JhCC _dBD-JhCC |
||
| 041 | _aeng | ||
| 082 |
_a618.92 _bKHA 2000 |
||
| 100 | _aKhan, M R | ||
| 245 |
_aEssence of Pdiatrics / _cM R Khan and Ekhlasur Rahman |
||
| 250 | _a2nd ed. | ||
| 260 |
_aDhaka : _bMrs Anwar Khan, _c2000. |
||
| 300 |
_a459 p. : _c220 cm. |
||
| 504 | _aIncludes index | ||
| 650 | _aPediatrics | ||
| 650 |
_aChildren _vDiseases |
||
| 942 |
_2ddc _cBK |
||